<?xml version="1.0" encoding="UTF-8"?>
<marc:record xmlns:marc="http://www.loc.gov/MARC21/slim">
   <marc:leader>00000nam a2200000 a 4500</marc:leader>
   <marc:datafield ind1="1" ind2=" " tag="100">
      <marc:subfield code="a">Piperides, Marios</marc:subfield>
      <marc:subfield code="4">aut</marc:subfield>
      <marc:subfield code="e">Verfasser/-in</marc:subfield>
   </marc:datafield>
   <marc:datafield ind1=" " ind2=" " tag="653">
      <marc:subfield code="a">Grenze</marc:subfield>
   </marc:datafield>
   <marc:datafield ind1=" " ind2=" " tag="653">
      <marc:subfield code="a">Absurdität</marc:subfield>
   </marc:datafield>
   <marc:datafield ind1=" " ind2=" " tag="653">
      <marc:subfield code="a">Zypern / Schauplatz</marc:subfield>
   </marc:datafield>
   <marc:datafield ind1=" " ind2=" " tag="653">
      <marc:subfield code="a">Absurdes Gesetz</marc:subfield>
   </marc:datafield>
   <marc:datafield ind1="0" ind2="0" tag="245">
      <marc:subfield code="a">Smuggling Hendrix - Nicht ohne meinen Hund</marc:subfield>
   </marc:datafield>
   <marc:datafield ind1="0" ind2="0" tag="245">
      <marc:subfield code="c">Marios Piperides</marc:subfield>
   </marc:datafield>
   <marc:datafield ind1=" " ind2="1" tag="264">
      <marc:subfield code="a">Karlsfeld</marc:subfield>
      <marc:subfield code="b">Filmperlen</marc:subfield>
      <marc:subfield code="c">2018</marc:subfield>
   </marc:datafield>
   <marc:datafield ind1="1" ind2=" " tag="520">
      <marc:subfield code="a">Das Leben von Yiannis (Adam Bousdoukos), einem erfolglosen Musiker, hat sich nicht so entwickelt, wie er es sich vorgestellt hatte. Von seiner Freundin verlassen, nicht in der Lage, seine Miete zu zahlen, spürt er zudem den Atem seiner Gläubiger im Nacken. Er entschließt sich, die Insel Zypern ein für alle Mal mit seinem einzigen treuen Freund und geliebten Hund Jimi zu verlassen. Der Plan von Yiannis wird jedoch gefährdet, als Jimi drei Tage vor seiner geplanten Abreise davonläuft und die UN-Pufferzone zu der von der Türkei kontrollierten Seite der Insel überquert. Als er Jimi endlich wiederfindet, wird er mit einem absurden Gesetz konfrontiert, das den Grenzübertritt für Tiere verbietet. Yiannis sitzt in der Klemme und muss eine Alternative finden, wie er seinen Hund zurückbringen kann. Er lernt Hassan (Fatih Al) kennen, der auf der anderen Seite der Grenze lebt und der ihm dabei helfen will, Jimi zurückzuschmuggeln - der Beginn einer absurden Reise. (Verlagsinformation)</marc:subfield>
   </marc:datafield>
   <marc:datafield ind1=" " ind2=" " tag="020">
      <marc:subfield code="a">4042564201437</marc:subfield>
      <marc:subfield code="9">4042564201437</marc:subfield>
   </marc:datafield>
   <marc:datafield ind1=" " ind2=" " tag="300">
      <marc:subfield code="e">mit Extras</marc:subfield>
   </marc:datafield>
   <marc:datafield ind1=" " ind2=" " tag="300">
      <marc:subfield code="a">1 DVD (Dauer: 90 Min.)</marc:subfield>
   </marc:datafield>
</marc:record>
